01648nam a2200301 i 4500001001000000003000900010005001700019007000300036008004100039020001800080040003000098041000800128082002200136100004200158245016300200264006000363300004300423336002600466337003300492338002800525500006300553505053600616650002401152700004401176700004801220700003801268700004001306000020653DO-SdBNP20250801111422.0ta100812s2017 dr r 000 0 spa d a9789945452990 aDO-SdBNPbspacBNPHUerda aspa 4a362.29bL869a2221 aLorenzo, David R.d1956-eautor4aut.13aEl adicto /cDavid R. Lorenzo ; diagramación, Vanessa Pérez Bueno, Kenny Ramírez Herrera ; corrección, Miguelina Crespo ; prólogo, Roberto Rímoli. 1aSanto Domingo, D. N. :bEditora El nuevo diario,c2017. a373 páginas ;c23 cm.bilistraciones atextobtxt2rdaconten asin mediaciónbn2rdamedia avolumenbnc2rdacarrier aIncluye datos biográficos del autor en la contracubierta aPrólogo,15 -- Introducción, 21 -- Agradecimientos, 23 -- Capítulo 1: El adicto, 25 -- Capítulo 2: Las adicciones y otras enfermedades mentales, 77 Capítulo 3: La drogadicción, 95 -- Capítulo 4: El alcoholismo, 141 -- Capítulo 5: La ludopatía, 179 -- Capítulo 6: La publicidad de las adiciones, 225 -- Capítulo 7: Las recaídas, 245 -- Capítulo 8: El fondo de los adictos, 257 -- Capítulo 9: El suicidio, 267 -- Capítulo 10: La codependencia, 301 -- Capítulo 11: La recuperación del adicto, 335 4aAbuso de sustancias1 aPérez Bueno, Vanesa,ediagramador4di1 aRamírez Herrera, Kenny,ediagramador4di.1 aCrespo, Miguelina4correctoreco.1 aRoberto Rímoli.eprologuista4pr.